000 01544caa a2200301 ib4500
003 SA-RiAUC
005 20250523160005.0
008 250521s1998 su g f000f0 ara c
040 _aSA-JeALM
_bara
_cSA-RiAUC
_erda
082 0 4 _a252.5082
090 _a252.5082
_bا ب ي م
100 1 _a أبي مصعب، علي بن ناصر بن محمد.
_eمؤلف.
245 1 0 _aأحكام تختص بالمرأة في الحج والعمرة /
_cبقلم أبي مصعب علي بن ناصر بن محمد : راجع وقدم له محمد بن عبدالوهاب العقيل.
246 3 7 _aملف الحج
264 _bعلي ناصر أبو مصعب.
_c2006
300 _a4 صفحة
336 _aنص
_btxt
_2rdacontent
_3مقالة
337 _aبدون وسيط
_bn
_2rdamedia
338 _aمجلد
_bnc
_2rdacarrier
580 _aفي : الجندي المسلم.
650 7 _aالحج (فقه إسلامي)
_vمقالات ومحاضرات
_2aucsh
650 7 _aالعمرة (فقه إسلامي)
_2aucsh
650 7 _aالمرأة (فقه إسلامي)
_vمقالات ومحاضرات
_2aucsh
700 _aالعقيل, محمد بن عبدالوهاب.
_eراجع وقدم له.
773 0 _tالجندي المسلم / إدارة الشؤون الدينية، القيادة العامة للجيش والقوات المسلحة.
_gسنة 26، عدد 90 (ذو الحجة / المحرم / صفر 1418 / 1419 هجري = إبريل 1998)، صفحة 84-87
942 _2ddc
_cBOOK
_n0
949 _aSA-JeALM
_d250521
_umohamedma123
_n1
999 _c8285
_d8285